MARC details
| 000 -LEADER |
| fixed length control field |
00907cam a2200325 4500 |
| 001 - CONTROL NUMBER |
| control field |
ABS65910 |
| 008 - FIXED-LENGTH DATA ELEMENTS--GENERAL INFORMATION |
| fixed length control field |
020930n2002 000 0 eng u |
| 035 ## - SYSTEM CONTROL NUMBER |
| System control number |
(Sirsi) u119925 |
| 245 ## - TITLE STATEMENT |
| Title |
Berkshire |
| 260 ## - PUBLICATION, DISTRIBUTION, ETC. |
| Date of publication, distribution, etc. |
2002 |
| 490 ## - SERIES STATEMENT |
| Series statement |
Property Week |
| Volume/sequential designation |
67(34) 6 September 2002, 49-80(15) |
| 590 ## - LOCAL NOTE (RLIN) |
| Local note |
ABS |
| 650 ## - SUBJECT ADDED ENTRY--TOPICAL TERM |
| Topical term or geographic name entry element |
INDUSTRIAL MARKET |
| 650 ## - SUBJECT ADDED ENTRY--TOPICAL TERM |
| Topical term or geographic name entry element |
PROPERTY-COMMERCIAL PROPERTY-RETAIL PROPERTY-RETAIL PROPERTY MARKET |
| 650 ## - SUBJECT ADDED ENTRY--TOPICAL TERM |
| Topical term or geographic name entry element |
PROPERTY-COMMERCIAL PROPERTY-OFFICE PROPERTY-OFFICE PROPERTY MARKET |
| 650 ## - SUBJECT ADDED ENTRY--TOPICAL TERM |
| Topical term or geographic name entry element |
THAMES VALLEY |
| 650 ## - SUBJECT ADDED ENTRY--TOPICAL TERM |
| Topical term or geographic name entry element |
BERKSHIRE |
| 650 ## - SUBJECT ADDED ENTRY--TOPICAL TERM |
| Topical term or geographic name entry element |
SLOUGH |
| 650 ## - SUBJECT ADDED ENTRY--TOPICAL TERM |
| Topical term or geographic name entry element |
MAIDENHEAD |
| 650 ## - SUBJECT ADDED ENTRY--TOPICAL TERM |
| Topical term or geographic name entry element |
READING |
| 650 ## - SUBJECT ADDED ENTRY--TOPICAL TERM |
| Topical term or geographic name entry element |
BRACKNELL |
| 650 ## - SUBJECT ADDED ENTRY--TOPICAL TERM |
| Topical term or geographic name entry element |
WINDSOR |
| 650 ## - SUBJECT ADDED ENTRY--TOPICAL TERM |
| Topical term or geographic name entry element |
WOKINGHAM |
| 650 ## - SUBJECT ADDED ENTRY--TOPICAL TERM |
| Topical term or geographic name entry element |
NEWBURY |
| 650 ## - SUBJECT ADDED ENTRY--TOPICAL TERM |
| Topical term or geographic name entry element |
PROPERTY INVESTMENT |
| 650 ## - SUBJECT ADDED ENTRY--TOPICAL TERM |
| Topical term or geographic name entry element |
REGENERATION |
| 650 ## - SUBJECT ADDED ENTRY--TOPICAL TERM |
| Topical term or geographic name entry element |
SHOPPING |
| 690 ## - LOCAL SUBJECT ADDED ENTRY--TOPICAL TERM (OCLC, RLIN) |
| Topical term or geographic name as entry element |
PROPERTY-COMMERCIAL PROPERTY-COMMERCIAL PROPERTY MARKET |
| 942 ## - ADDED ENTRY ELEMENTS (KOHA) |
| Suppress in OPAC |
0 |